书目信息 |
| 题名: |
轻松学用ArchiCAD 9
|
|
| 作者: | 曾旭东 , 赵昂 编著 | |
| 分册: | ||
| 出版信息: | 重庆 重庆大学出版社 2005.03 |
|
| 页数: | 279页 | |
| 开本: | 26cm | |
| 丛书名: | 虚拟建筑设计丛书 | |
| 单 册: | ||
| 中图分类: | TU201.4 | |
| 科图分类: | ||
| 主题词: | 建筑设计--jian zhu she ji--计算机辅助设计--应用软件 | |
| 电子资源: | ||
| ISBN: | 7-5624-3352-6 | |
| 000 | 00938nam 2200253 450 | |
| 001 | 012006726073 | |
| 005 | 20091119152435.90 | |
| 010 | @a7-5624-3352-6@dCNY29.00 | |
| 100 | @a20060609d2005 km y0chiy0120 ea | |
| 101 | 0 | @achi |
| 102 | @aCN@b510000 | |
| 105 | @aa z 000yy | |
| 200 | 1 | @a轻松学用ArchiCAD 9@Aqing song xue yong ArchiCAD 9@f曾旭东, 赵昂编著@Fceng xu dong,zhao ang bian zhu |
| 210 | @a重庆@c重庆大学出版社@d2005.03 | |
| 215 | @a279页@c图@d26cm | |
| 225 | 2 | @a虚拟建筑设计丛书@Axu ni jian zhu she ji cong shu |
| 330 | @a本书分为5大部分,共14章,结合实例由浅入深地介绍了ArchiCAD 9.0在建筑设计中所涉及到的主要命令和使用技巧,以及基本的工作流程。 | |
| 410 | 0 | @12001 @a虚拟建筑设计丛书 |
| 606 | 0 | @a建筑设计@Ajian zhu she ji@x计算机辅助设计@x应用软件 |
| 690 | @aTU201.4@v4 | |
| 701 | 0 | @a曾旭东@Aceng xu dong@4编著 |
| 701 | 0 | @a赵昂@Azhao ang@4编著 |
| 801 | 0 | @aCN@bQSSK@c20091119 |
| 905 | @a10447@dTU201.4@eZ0272 | |
| 轻松学用ArchiCAD 9/曾旭东, 赵昂编著.-重庆:重庆大学出版社,2005.03 |
| 279页:图;26cm.-(虚拟建筑设计丛书) |
| ISBN 7-5624-3352-6:CNY29.00 |
| 本书分为5大部分,共14章,结合实例由浅入深地介绍了ArchiCAD 9.0在建筑设计中所涉及到的主要命令和使用技巧,以及基本的工作流程。 |
| ● |
| 相关链接 |
|
|
|
正题名:轻松学用ArchiCAD 9
索取号:TU201.4/Z0272
 
预约/预借
| 序号 | 登录号 | 条形码 | 馆藏地/架位号 | 状态 | 备注 |
| 1 | 581727 | 205817277 | 建筑库101/101建筑库 36排4列1层/ [索取号:TU201.4/Z0272] | 在馆 | |
| 2 | 581728 | 205817286 | 建筑库101/101建筑库 36排4列1层/ [索取号:TU201.4/Z0272] | 在馆 | |
| 3 | 581729 | 205817295 | 建筑库101/101建筑库 36排4列1层/ [索取号:TU201.4/Z0272] | 在馆 |